Top 15 Charlotte Hornets players of all-time - Statistics

General Stats
  • This quiz has been taken 18 times
  • The average score is 9 of 15
Answer Stats
Pos/Placement Answer % Correct
C #2 Alonzo Mourning
100%
PG #1 Kemba Walker
100%
PG #11 LaMelo Ball
81%
PF #4 Larry Johnson
75%
PG #13 Dell Curry
69%
SG #3 Glen Rice
69%
SF #5 Eddie Jones
56%
PG #10 Mugsy Bogues
56%
C #9 Al Jefferson
50%
PG #12 Baron Davis
44%
SF #6 Gerald Wallace
38%
C #7 Emeka Okafor
31%
SG #14 Kendall Gill
31%
PF #8 Anthony Mason
25%
SF #15 Kelly Tripucka
25%
No matching quizzes found
Score Distribution
Percent of People with Each Score
Percentile by Number Answered
Your Score History
You have not taken this quiz